000 00350 a2200109 4500
001 ART_25952
005 20260410161935.0
008 260409a
245 1 0 _aLas cosechas mundiales
100 1 _aAlemann, Roberto T.
773 0 _tAnales de la Academia Nacional de Ciencias Económicas
_g- Vol. XLVIII, (2003) (ene. 2004)
_wREV25596
999 _c28948
_d28948